Enfermedades y accidentes inculpables /

Guardado en:
Otros Autores: Maciá, Guillermo., Martín, Ester Norma., Moreno, Jorge Raúl., Reinoso, Mario Adolfo., Tula, Diego Javier.
Formato: Libro
Idioma:Spanish
Publicado: Ciudad Autónoma de Buenos Aires : Erreius, 2017.
Edición:1a. ed.
Materias:
Etiquetas: Agregar Etiqueta
Sin Etiquetas, Sea el primero en etiquetar este registro!
LEADER 00741nam a22002295a 4500
001 DER.der013772
008 181129s2017####ag############000#0#spa#d
005 20251022095604.0
245 1 0 |a Enfermedades y accidentes inculpables /  |c dirigido por Osvaldo Adolfo Maddaloni. 
250 |a 1a. ed. 
260 |a Ciudad Autónoma de Buenos Aires :  |b Erreius,  |c 2017. 
300 |a 465 p. 
020 |a 9789873953965 
100 1 |a Maddaloni, Osvaldo Adolfo.,  |e dir. 
700 1 |a Maciá, Guillermo. 
700 1 |a Martín, Ester Norma. 
700 1 |a Moreno, Jorge Raúl. 
700 1 |a Reinoso, Mario Adolfo. 
700 1 |a Tula, Diego Javier. 
700 1 |a Mollo, Mariano.,  |e col. 
650 7 |a DERECHO LABORAL 
859 |a DERECHO  |b BIB. DERECHO  |h 344.022  |i MAD  |p 008847